| 000 | 00604nam a22002057a 4500 | ||
|---|---|---|---|
| 999 |
_c9 _d9 |
||
| 003 | OSt | ||
| 005 | 20190826120221.0 | ||
| 008 | 190826b ||||| |||| 00| 0 eng d | ||
| 040 | _c | ||
| 082 |
_29th ed. _a620.106 _bB2196 |
||
| 100 |
_95 _aBansal, R.K. |
||
| 245 | _aA Textbook of Fluid Mechanics and Hydraulic Machines | ||
| 250 | _a9th rev ed. | ||
| 260 |
_aNew Delhi _bLaxmi Publication (p) Ltd _c2010 |
||
| 300 | _axxvi,1102p. | ||
| 505 | _rBy R.K.Bansal | ||
| 600 | 0 |
_96 _aFluid Mechanics |
|
| 856 | _uhttp://www.laxmipublications.com/servlet/lpgetbiblio?bno=000175&pageName=Author | ||
| 942 |
_2ddc _cBK |
||